=LDR 00000nam 2200000 4500 =001 INLIS000000000013575 =005 20130612104940 =008 ***********************************Ind** =035 ##$$0010-061300000013575 =041 ##$$a Ind =082 ##$$a 540 =090 ##$$a 540, Kee i =100 ##$$a Keenam, Kharles. W =245 ##$$a ilmu kimia untuk universitas, Kharles w.Keenam;alih bahasa, Aloysius Hadyana Padjaaturka =260 ##$$a 1980 $b Jakarta =300 ##$$a ...Jil, Ilus, 23 cm =650 ##$$a Kimia =700 ##$$a Pajaatmaka, Aloysius =850 ##$$a NBPNMAT =990 ##$$a 0001/BPAP-NTB/20142014 =990 ##$$a 0001/BPAP-NTB/2016